zpět

Detail výsledku týmu

U Lucerny ČT, Brno

Datum a čas kvízu

22.5 Celkem bodů Celkový počet nahraných bodů na tomto kvízu bez doplňovacích otázek.
8. Pořadí na kvízu Konečné umístění týmu na tomto kvízu.

Zaznamenané odpovědi

# Otázka Odpověď Body Výsledky
1. Vláda minulý týden představila... úkol 0
2. Minulý týden bylo rozhodnuto o... Julian Assange 0
3. Andrej Babiš navštívil festiva... Mirai 1
4. Společnost Apple následovala m... Ulož.to 0
5. Basketbalová NBA již zná svého... Golden State Warriors 0
6. V následujících pěti otázkách... Uprchlík; Harrison Ford, Tommy Lee Jones 0
7. Pokračujeme snímkem Pulp Ficti... 1B 2C 3D 4A 0
8. V roce 2013 byl natočen životo... James Hunt, Niki Lauda 0.5
9. Ve dvou na sebe navazujících k... Kamila Magálová, Oldřich Kaiser 1
10. Jak se jmenují dva herečtí pře... Jiří Macháček, Marek Taclík 0.5